| 000 | 00358 a2200133 4500 | ||
|---|---|---|---|
| 005 | 20250623074911.0 | ||
| 020 | _a978-81-203-4336-8 | ||
| 082 | _a658.4BAL | ||
| 100 | _aBalachandran.V | ||
| 245 | _aCorporate Governance, Ethics And Social Responsibility | ||
| 300 |
_axii,; 263p, ill, table, _bIndex, _c23cm, |
||
| 700 | _aChandrasekaran. V | ||
| 942 |
_2ddc _cBKS |
||
| 999 |
_c4595 _d4595 |
||